| 000 | 00735nam a22001937a 4500 | ||
|---|---|---|---|
| 999 |
_c9629 _d9629 |
||
| 003 | AR-CdUCM | ||
| 008 | 190328b ||||| |||| 00| 0 spa d | ||
| 040 |
_aMUNICIPALIDAD PROVINCIAL DEL CUSCO _cBIBLIOTECA MUNICIPAL DEL CUSCO |
||
| 082 |
_a869.501 / _bV23 |
||
| 110 |
_aEdubanco _925961 |
||
| 245 |
_aDe Vallejo a nuestros días : _bPrologo, selección y notas de Ricardo Gonzales Vigil / |
||
| 260 |
_aLima : _bEdubanco, _c1984. |
||
| 300 |
_a539 paginas ; _c21 cm. |
||
| 505 | _aContenido :Los heraldos negros -- Niña holanda vaporosa -- El sepelio simplista -- Camino del hombre -- Film de los paisajes ... | ||
| 650 |
_aLiteratura peruana _9169 |
||
| 650 |
_aLiteratura del siglo XX _97647 |
||
| 942 |
_2ddc _cLIBROS |
||
| 945 | _arum | ||